000 00751nam a2200253Ia 4500
003 OSt
005 20220924130630.0
006 a|||||r|||| 00| 0
007 ta
008 220923b |||||||| |||| 00| 0 san d
020 _c60
024 _a240368
037 _b35, 08/12/2008, Motilal Banarsidass
_cTextual
040 _aARTS
_cARTS
_bsan
041 _2san
_asan
082 _aR2, 15P4
100 _aChakravarti Arindam
_9200359
245 0 _aAadhunikpratichyapramanmimansa
260 _aTirupati
_bRashtriya Sanskrit Vidyaengtham India
_c2004
300 _axiii,141p.
_ccm.
650 _aPHILOSOPHY
942 _hR2, 15P4
_cTEXL
_2CC
999 _c425015
_d425015